| 000 | 00651nam a2200217 a 4500 | ||
|---|---|---|---|
| 999 |
_c9456 _d9456 |
||
| 001 | 9456 | ||
| 003 | BD-JhCC | ||
| 005 | 20180314175435.0 | ||
| 008 | 171015s1999 bg a|||| ||a| 000 0 ben d | ||
| 035 | _a(BD-JhCC)9456 | ||
| 040 |
_aBD-JhCC _dBD-JhCC |
||
| 041 | _aben | ||
| 082 |
_a910.4 _bIQB 1999 |
||
| 245 |
_aইকবাল : _bদেশে বিদেশে / _c মীযানুর রহমান |
||
| 260 |
_aঢাকা : _bআল্লামা ইকবাল সংসদ, _c2007 |
||
| 300 |
_a200 p.; _c22 cm. |
||
| 650 | _aTravelogue | ||
| 700 | _aরহমান, মীযানুর | ||
| 942 |
_2ddc _cBK |
||